00628nam a2200181 i 450000100060000000300090000600500170001500700030003200800410003510000260007624500720010226000340017430000410020870000260024985200320027599900170030795201220032487814ES-MaACL20230906175738.0t|041223s1970 sp ||||1| spa d1 aKurtz, Harold.96906713aEl segundo reich / cHarold Kurtz ; [traducción de Sara Estrada]. aBarcelona : bNauta, c[1970] a128 p., 12 lám. : bil. ; c28 cm.1 aEstrada, Sara.948213 aES-MaACLjC-45205 bR.76912 c87814d87814 00104070aATENEOMbATENEOMcDEPO2d2008-01-17eSCl0oC-45205p1091736r2023-02-23 00:00:00w2023-02-23yMONOGRAFIA